| 000 | 00941nac a22002531u 4500 | ||
|---|---|---|---|
| 010 | _a 98664100 | ||
| 022 | 0 | _a1090-9117 | |
| 035 | _a(OCoLC)ocm35571904 | ||
| 082 | 1 | 0 | _a378.166205 |
| 090 |
_c5968 _d5968 |
||
| 100 | _a20080729 | ||
| 245 | 0 | 0 |
_aGRE / _cby the staff of Kaplan Educational Centers. |
| 246 | 1 | _aKaplan | |
| 246 | 1 | _aGraduate record exam | |
| 246 | 1 | _aKaplan GRE | |
| 260 |
_aNew York, NY : _bSimon & Schuster,1997 _cc1997- |
||
| 300 |
_a3 v. : _bill. ; _c28 cm. + _e1 CD-Rom ( 4 3/4 in.) |
||
| 500 | _adistributer: Al-Ahram | ||
| 511 | _acatalogued by: wessam | ||
| 650 | 0 |
_aGraduate Record Examination _vStudy guides _vPeriodicals. |
|
| 710 | 2 | _aKaplan Educational Centers (Firm : New York, N.Y.) | |
| 942 |
_cBB _k378.166205 |
||
| 999 |
_c5968 _d5968 |
||